<?xml version="1.0" encoding="UTF-8"?>
<record
    xmlns:xsi="http://www.w3.org/2001/XMLSchema-instance"
    xsi:schemaLocation="http://www.loc.gov/MARC21/slim http://www.loc.gov/standards/marcxml/schema/MARC21slim.xsd"
    xmlns="http://www.loc.gov/MARC21/slim">

  <leader>01201nam a2200193Ia 4500</leader>
  <controlfield tag="003">Ost</controlfield>
  <controlfield tag="005">20260507075109.0</controlfield>
  <controlfield tag="008">260507s9999||||xx |||||||||||||| ||und||</controlfield>
  <datafield tag="040" ind1=" " ind2=" ">
    <subfield code="c">fsecg</subfield>
  </datafield>
  <datafield tag="041" ind1=" " ind2=" ">
    <subfield code="a">ara</subfield>
  </datafield>
  <datafield tag="082" ind1=" " ind2=" ">
    <subfield code="a">330</subfield>
  </datafield>
  <datafield tag="100" ind1=" " ind2=" ">
    <subfield code="a">&#x639;&#x628;&#x62F; &#x627;&#x644;&#x631;&#x632;&#x627;&#x642;&#x60C; &#x639;&#x627;&#x62F;&#x644; &#x639;&#x628;&#x62F; &#x627;&#x644;&#x631;&#x634;&#x64A;&#x62F;</subfield>
    <subfield code="e">&#x645;&#x624;&#x644;&#x641;</subfield>
  </datafield>
  <datafield tag="245" ind1=" " ind2="0">
    <subfield code="a">&#x623;&#x637;&#x631;&#x648;&#x62D;&#x629; &#x645;&#x627;&#x62C;&#x633;&#x62A;&#x64A;&#x631; :</subfield>
    <subfield code="b">&#x627;&#x644;&#x627;&#x62F;&#x627;&#x631;&#x629; &#x627;&#x644;&#x628;&#x64A;&#x626;&#x64A;&#x629; &#x641;&#x64A; &#x627;&#x644;&#x62C;&#x645;&#x647;&#x648;&#x631;&#x64A;&#x629; &#x627;&#x644;&#x64A;&#x645;&#x646;&#x64A;&#x629; &#x648;&#x645;&#x62A;&#x637;&#x644;&#x628;&#x627;&#x62A; &#x62A;&#x637;&#x648;&#x64A;&#x631;&#x647;&#x627; &#x648;&#x62A;&#x639;&#x632;&#x64A;&#x632;&#x647;&#x627; /</subfield>
    <subfield code="c"> &#x639;&#x627;&#x62F;&#x644; &#x639;&#x628;&#x62F; &#x627;&#x644;&#x631;&#x634;&#x64A;&#x62F; &#x639;&#x628;&#x62F; &#x627;&#x644;&#x631;&#x632;&#x627;&#x642;</subfield>
  </datafield>
  <datafield tag="260" ind1=" " ind2=" ">
    <subfield code="a">&#x635;&#x646;&#x639;&#x627;&#x621;: </subfield>
    <subfield code="b">&#x62F;&#x627;&#x631; &#x627;&#x644;&#x643;&#x62A;&#x627;&#x628;, </subfield>
    <subfield code="c">2001</subfield>
  </datafield>
  <datafield tag="300" ind1=" " ind2=" ">
    <subfield code="a">   &#x635;&#x641;&#x62D;&#x629;&#x61B; </subfield>
    <subfield code="c">22 &#x633;&#x645;</subfield>
  </datafield>
  <datafield tag="520" ind1=" " ind2=" ">
    <subfield code="a">&#x647;&#x630;&#x627; &#x627;&#x644;&#x643;&#x62A;&#x627;&#x628;   &#x627;1- &#x644;&#x627;&#x62F;&#x627;&#x631;&#x629; &#x627;&#x644;&#x628;&#x64A;&#x626;&#x64A;&#x629; : &#x645;&#x641;&#x647;&#x648;&#x645;&#x647;&#x627; &#x648;&#x639;&#x644;&#x627;&#x642;&#x627;&#x62A;&#x647;&#x627; &#x628;&#x627;&#x644;&#x62A;&#x646;&#x645;&#x64A;&#x629; 2 - &#x627;&#x644;&#x645;&#x634;&#x643;&#x644;&#x627;&#x62A; &#x627;&#x644;&#x628;&#x64A;&#x626;&#x64A;&#x629; &#x627;&#x644;&#x631;&#x626;&#x64A;&#x633;&#x64A;&#x629; &#x641;&#x64A; &#x627;&#x644;&#x62C;&#x645;&#x647;&#x648;&#x631;&#x64A;&#x629; &#x627;&#x644;&#x64A;&#x645;&#x646;&#x64A;&#x629; &#x648;&#x627;&#x646;&#x639;&#x643;&#x627;&#x633;&#x627;&#x62A;&#x647;&#x627; &#x639;&#x644;&#x649; &#x627;&#x644;&#x62A;&#x646;&#x645;&#x64A;&#x629; &#x627;&#x644;&#x627;&#x642;&#x62A;&#x635;&#x627;&#x62F;&#x64A;&#x629; &#x648;&#x627;&#x644;&#x627;&#x62C;&#x62A;&#x645;&#x627;&#x639;&#x64A;&#x629; 3- &#x627;&#x644;&#x627;&#x62F;&#x627;&#x631;&#x629; &#x627;&#x644;&#x628;&#x64A;&#x626;&#x64A;&#x629; &#x641;&#x64A; &#x627;&#x644;&#x62C;&#x645;&#x647;&#x648;&#x631;&#x64A;&#x629; &#x627;&#x644;&#x64A;&#x645;&#x646;&#x64A;&#x629; &#x648;&#x645;&#x648;&#x642;&#x639;&#x647;&#x627; &#x641;&#x64A; &#x627;&#x644;&#x627;&#x62F;&#x627;&#x631;&#x629; &#x627;&#x644;&#x628;&#x64A;&#x626;&#x64A;&#x629; &#x627;&#x644;&#x639;&#x631;&#x628;&#x64A;&#x629; (&#x646;&#x645;&#x648;&#x630;&#x62C; &#x62C;&#x645;&#x647;&#x648;&#x631;&#x64A;&#x629; &#x645;&#x635;&#x631; &#x627;&#x644;&#x639;&#x631;&#x628;&#x64A;&#x629; )&#x627;&#x644;&#x646;&#x62A;&#x627;&#x626;&#x62C; &#x648;&#x627;&#x644;&#x62A;&#x648;&#x635;&#x64A;&#x627;&#x62A;</subfield>
  </datafield>
  <datafield tag="653" ind1=" " ind2=" ">
    <subfield code="a">&#x627;&#x62F;&#x627;&#x631;&#x629; &#x627;&#x644;&#x628;&#x64A;&#x626;&#x64A;&#x629;</subfield>
  </datafield>
  <datafield tag="942" ind1=" " ind2=" ">
    <subfield code="c">&#x643;&#x62A;&#x627;&#x628;</subfield>
  </datafield>
  <datafield tag="952" ind1=" " ind2=" ">
    <subfield code="0">0</subfield>
    <subfield code="1">0</subfield>
    <subfield code="2">ddc</subfield>
    <subfield code="4">0</subfield>
    <subfield code="7">-1</subfield>
    <subfield code="a">fsecg</subfield>
    <subfield code="b">fsecg</subfield>
    <subfield code="d">2026-05-07</subfield>
    <subfield code="h">&#x627;&#x644;&#x637;&#x627;&#x628;&#x642; &#x627;&#x644;&#x623;&#x631;&#x636;&#x64A;</subfield>
    <subfield code="i">1438/1</subfield>
    <subfield code="l">0</subfield>
    <subfield code="o">&#x623;/1438&#x646;1</subfield>
    <subfield code="p">1438/1</subfield>
    <subfield code="r">2026-05-07 07:51:09</subfield>
    <subfield code="w">2026-05-07</subfield>
    <subfield code="y">&#x643;&#x62A;&#x627;&#x628;</subfield>
  </datafield>
  <datafield tag="999" ind1=" " ind2=" ">
    <subfield code="c">42856</subfield>
    <subfield code="d">42856</subfield>
  </datafield>
</record>
